Southville International School and Colleges
Your cart is empty.
  • Cart
  • Lists
    Public lists Eva Luna New books Lux_list list_1
    Your lists Log in to create your own lists
  • Log in to your account
  • Your cookies
  • Search history
Southville International School and Colleges
  • Advanced search
  • Recent comments
  • Most popular
  • Libraries

Log in to your account

Log in with GOOGLE


If you do not have an external account, but do have a local account, you can still log in:

  1. Home
  2. MARC view: Call it courage /
Normal view MARC view ISBD view

Call it courage / (Record no. 34014)

[ view plain ]
MARC details
000 -LEADER
fixed length control field 00868cam a22003131 4500
001 - CONTROL NUMBER
control field 1691282
003 - CONTROL NUMBER IDENTIFIER
control field OSt
005 - DATE AND TIME OF LATEST TRANSACTION
control field 20140310184356.0
008 - FIXED-LENGTH DATA ELEMENTS--GENERAL INFORMATION
fixed length control field 790809s1940 nyua j 000 1 eng
010 ## - LIBRARY OF CONGRESS CONTROL NUMBER
LC control number 40004229
020 ## - INTERNATIONAL STANDARD BOOK NUMBER
International Standard Book Number 0590406116
040 ## - CATALOGING SOURCE
Original cataloging agency DLC
Transcribing agency DLC
Modifying agency DLC
042 ## - AUTHENTICATION CODE
Authentication code lcac
043 ## - GEOGRAPHIC AREA CODE
Geographic area code pops---
050 00 - LIBRARY OF CONGRESS CALL NUMBER
Classification number PZ 8.1
Item number .Sp75Cal 1940
100 1# - MAIN ENTRY--PERSONAL NAME
Personal name Sperry, Armstrong,
Dates associated with a name 1897-1976.
9 (RLIN) 25601
245 10 - TITLE STATEMENT
Title Call it courage /
Statement of responsibility, etc Armstrong Sperry ; illustrations by Dom Lupo.
260 ## - PUBLICATION, DISTRIBUTION, ETC. (IMPRINT)
Place of publication, distribution, etc New York :
Name of publisher, distributor, etc Scholastic Inc.,
Date of publication, distribution, etc 1940.
300 ## - PHYSICAL DESCRIPTION
Extent 92 p. :
Other physical details ill. ;
Dimensions 17 cm.
521 ## - TARGET AUDIENCE NOTE
Target audience note
526 ## - STUDY PROGRAM INFORMATION NOTE
Reading level 830
562 ## - COPY AND VERSION IDENTIFICATION NOTE
Number of copies 1
650 #1 - SUBJECT ADDED ENTRY--TOPICAL TERM
Topical term or geographic name as entry element Folklore
Geographic subdivision Polynesia.
9 (RLIN) 25602
650 #1 - SUBJECT ADDED ENTRY--TOPICAL TERM
Topical term or geographic name as entry element Courage
General subdivision Folklore.
9 (RLIN) 25603
650 #1 - SUBJECT ADDED ENTRY--TOPICAL TERM
Topical term or geographic name as entry element Survival
General subdivision Folklore.
9 (RLIN) 25604
906 ## - LOCAL DATA ELEMENT F, LDF (RLIN)
a 7
b cbc
c orignew
d u
e ocip
f 19
g y-gencatlg
942 ## - ADDED ENTRY ELEMENTS (KOHA)
Source of classification or shelving scheme Library of Congress Classification
Koha item type
Holdings
Withdrawn status Lost status Source of classification or shelving scheme Damaged status Home library Current library Shelving location Date acquired Total Checkouts Full call number Barcode Date last seen Copy number Price effective from Koha item type Total Renewals Date checked out
    Library of Congress Classification   Luxembourg Library Luxembourg Library Scholastic Reading Center Section 10/07/2013   PZ 8.1 .Sp75Cal 1940 LEX0986 04/18/2017 1 10/07/2013 Books    
    Library of Congress Classification   Luxembourg Library Luxembourg Library Scholastic Reading Center Section 10/10/2013   PZ 8.1 .Sp75Cal 1940 LEX2411 04/18/2017 2 10/10/2013 Books    
    Library of Congress Classification   Luxembourg Library Luxembourg Library Scholastic Reading Center Section 10/12/2013 1 PZ 8.1 .Sp75Cal 1940 LEX2722 12/16/2017 1 10/12/2013 Books 8 10/23/2017

Call it courage /

APA

Sperry A., . (1940). Call it courage. New York: Scholastic Inc.

Chicago

Sperry Armstrong, . 1940. Call it courage. New York: Scholastic Inc.

Harvard

Sperry A., . (1940). Call it courage. New York: Scholastic Inc.

MLA

Sperry Armstrong, . Call it courage. New York: Scholastic Inc. 1940.

  • Place hold
  • Print
  • Cite
  • Add to your cart (remove)
  • Save record
    BIBTEX Dublin Core MARCXML MARC (non-Unicode/MARC-8) MARC (Unicode/UTF-8) MARC (Unicode/UTF-8, Standard) MODS (XML) RIS
  • More searches
    Search for this title in:
    Other Libraries (WorldCat) Other Databases (Google Scholar) Online Stores (Bookfinder.com) Open Library (openlibrary.org)

Exporting to Dublin Core...

SOUTHVILLE LIBRARY

Southville International School and Colleges Library

1281 Tropical Ave. Cor. Luxembourg St., BF Homes International, Las Pinas City

Tel. No. 8256374 / 252358 Loc. 117/146

Powered by Koha